000 01650aam a2200637 4500
005 20260324191932.0
008 150831b2012 xxu||||| |||| 00| 0 spa d
020 _a9786074360226
041 _aESP
082 _a364.36 M977c
100 _aMuriel Suárez, Sofía
_98580
100 _aAguirre López, Mónica
_98582
100 _aVarela Hidalgo, Carolina
_98581
100 _aCruz Ruiz, Sergio
_920677
245 _aComportamientos alarmantes infantiles y juveniles
260 _aMéxico
260 _bEuromexico
260 _c2012
300 _a300 páginas
490 _aInvestigación Criminal
505 _aContiene disco compacto N° 297
650 _aCONDUCTAS DELICTIVAS
650 _aCOMPORTAMIENTO HUMANO
650 _aABORTO
650 _aALCOHOLISMO
650 _aANOREXIA
650 _aDROGADICCIÓN
650 _aPSICOSIS
650 _aMETROSEXUALES
650 _aABUSO SEXUAL
650 _aADICCIÓN A LA TELEVISIÓN
650 _aADICCIÓN AL INTERNET
650 _aAGRESIVIDAD
650 _aSUICIDIO
650 _aANSIEDAD
650 _aESTRÉS
650 _aVIGOREXIA
650 _aESTIMULACIÓN TEMPRANA
650 _aPROMISCUIDAD
650 _aTRASTORNO BIPOLAR
650 _aCONDUCTA DISOCIAL
650 _aORTOREXIA
650 _aINSOMNIO
650 _aHOMOSEXUALISMO
650 _aPORNOGRAFIA
650 _aTABAQUISMO
650 _aDEPRESIÓN
650 _aAUTISMO
650 _aPARÁLISIS CEREBRAL
650 _aSUPERDOTADOS
650 _aTRIBUS URBANAS
650 _aPUNKS
650 _aFOBIAS
650 _aPROSTITUCIÓN
942 _cBK
_2ddc
999 _c687
_d687